000 00436nam a22001817a 4500
003 MPLRDC
005 20220104124855.0
008 210129b ||||| |||| 00| 0 eng d
020 _a7-80510-479-4
082 _a993.6 ZJL
100 _a郑金兰主编
245 _a风筝的学问
_c
250 _a一版一刷
260 _a
_b学林出版社
_c1989
300 _b
650 _a户外活动--风筝
942 _cBK
_o993.6 ZJL
999 _c22841
_d22831